Фтороаммонийный способ разложения циркона; Известия Томского политехнического университета [Известия ТПУ]; Т. 305, вып. 3 : Проблемы и перспективы технологий атомной промышленности

Bibliografiske detaljer
Parent link:Известия Томского политехнического университета [Известия ТПУ]/ Томский политехнический университет (ТПУ).— , 2000-
Т. 305, вып. 3 : Проблемы и перспективы технологий атомной промышленности.— 2002.— [С. 185-190]
Hovedforfatter: Гузеев В. В.
Andre forfattere: Дьяченко А. Н. Александр Николаевич, Уралбаев А. Ш.
Summary:Заглавие с титульного листа
Электронная версия печатной публикации
Работа посвящена изучению процесса вскрытия циркона фторидом аммония. Сущность метода заключается в автоклавном сплавлении циркона и фторида аммония в течение 1-4 ч при температуре 400-300°С и последующем сублимационном разделении продуктов реакции. Преимущество использования фторида аммония перед другими фторирующими агентами заключается в его удобных физико-химических свойствах - возможности полной регенерации и возврата реагента в голову процесса.
Sprog:russisk
Udgivet: 2002
Serier:Химическая технология редких, рассеянных и радиоактивных элементов
Fag:
Online adgang:http://www.lib.tpu.ru/fulltext/v/Bulletin_TPU/2002/v305/i3/32.pdf
Format: MixedMaterials Electronisk Book Chapter
KOHA link:https://koha.lib.tpu.ru/cgi-bin/koha/opac-detail.pl?biblionumber=163872

MARC

LEADER 00000nla2a2200000 4500
001 163872
005 20231031161020.0
035 |a (RuTPU)RU\TPU\book\177787 
035 |a RU\TPU\book\177755 
090 |a 163872 
100 |a 20090824d2002 k y0rusy50 ca 
101 0 |a rus 
102 |a RU 
135 |a drnn ---uucaa 
181 0 |a i  
182 0 |a b 
200 1 |a Фтороаммонийный способ разложения циркона  |b Электронный ресурс  |f В. В. Гузеев, А. Н. Дьяченко, А. Ш. Уралбаев 
203 |a Текст  |c электронный 
215 |a 1 файл (821 Кб) 
225 1 |a Химическая технология редких, рассеянных и радиоактивных элементов 
230 |a Электронные текстовые данные (1 файл : 821 Кб) 
300 |a Заглавие с титульного листа 
300 |a Электронная версия печатной публикации 
320 |a [Библиогр.: с. 190 (8 назв.)] 
330 |a Работа посвящена изучению процесса вскрытия циркона фторидом аммония. Сущность метода заключается в автоклавном сплавлении циркона и фторида аммония в течение 1-4 ч при температуре 400-300°С и последующем сублимационном разделении продуктов реакции. Преимущество использования фторида аммония перед другими фторирующими агентами заключается в его удобных физико-химических свойствах - возможности полной регенерации и возврата реагента в голову процесса. 
337 |a Adobe Reader 
461 1 |0 (RuTPU)RU\TPU\book\176237  |t Известия Томского политехнического университета [Известия ТПУ]  |f Томский политехнический университет (ТПУ)  |d 2000- 
463 1 |0 (RuTPU)RU\TPU\book\177520  |t Т. 305, вып. 3 : Проблемы и перспективы технологий атомной промышленности  |o тематический выпуск  |v [С. 185-190]  |d 2002  |p 415 с. 
610 1 |a циркон 
610 1 |a фторид аммония 
610 1 |a труды учёных ТПУ 
610 1 |a электронный ресурс 
610 1 |a фтороаммонийная технология 
610 1 |a разложение циркона 
610 1 |a автоклавное сплавление 
610 1 |a сублимационное разделение 
610 1 |a фторирующие агенты 
610 1 |a физико-химические свойства 
610 1 |a регенерация 
700 1 |a Гузеев  |b В. В. 
701 1 |a Дьяченко  |b А. Н.  |c химик-технолог  |c профессор Томского политехнического университета, доктор технических наук  |f 1977-  |g Александр Николаевич  |2 stltpush  |3 (RuTPU)RU\TPU\pers\27691 
701 1 |a Уралбаев  |b А. Ш. 
801 1 |a RU  |b 63413507  |c 20090623  |g PSBO 
801 2 |a RU  |b 63413507  |c 20210417  |g PSBO 
856 4 |u http://www.lib.tpu.ru/fulltext/v/Bulletin_TPU/2002/v305/i3/32.pdf 
942 |c CF